| 000 | 00720nam a2200169Ia 4500 | ||
|---|---|---|---|
| 001 | 6628 | ||
| 008 | 260622s9999 xx 000 0 und d | ||
| 245 | 0 |
_aالهويات القاتلة: قراءات في الانتماء والعولمة/ _cامين معلوف. ترجمة: نبيل محسن |
|
| 260 |
_aدمشق؛ _bورد للطباعة و النشر و التوضيع؛ _c1999 |
||
| 300 |
_a143p; _c22x14cm |
||
| 505 | _aTitle translation: Deadly identities: Readings in belonging and globalization. Author: Amin Maalouf; Tr: Nabeel Mohsin | ||
| 546 | _aArabic | ||
| 650 | _aPJ7501-8517 Arabic literature | ||
| 655 |
_aFiction رواية _99480 |
||
| 700 |
_aMaalouf, Amin امين معلوف _99481 |
||
| 942 | _cBK | ||
| 999 |
_c6628 _d6628 |
||